Catálogo público

Brock. Biología de los microorganismos / (Record no. 217285)

MARC details
000 -CABECERA
campo de control de longitud fija 03314nam a2200325Ia 4500
001 - NÚMERO DE CONTROL
campo de control Para_10486
003 - IDENTIFICADOR DEL NÚMERO DE CONTROL
campo de control OSt
005 - FECHA Y HORA DE LA ÚLTIMA TRANSACCIÓN
campo de control 20250217144631.0
008 - DATOS DE LONGITUD FIJA--INFORMACIÓN GENERAL
campo de control de longitud fija 220602s9999 xx 000 0 und d
020 ## - NÚMERO INTERNACIONAL ESTÁNDAR DEL LIBRO
Número Internacional Estándar del Libro 978 - 84 - 9035 - 279 - 3
040 ## - FUENTE DE LA CATALOGACIÓN
Centro/agencia transcriptor PA
082 ## - NÚMERO DE LA CLASIFICACIÓN DECIMAL DEWEY
Número de clasificación PA 576
Número de documento/Ítem M33 2015
100 ## - ENTRADA PRINCIPAL--NOMBRE DE PERSONA
Nombre de persona Madigan, Michael T.
9 (RLIN) 69687
245 ## - MENCIÓN DE TÍTULO
Título Brock. Biología de los microorganismos /
Mención de responsabilidad, etc. Michael T. Madigan... [et al.] ; traducción: Ricardo Guerrero ... [et al.].
250 ## - MENCIÓN DE EDICIÓN
Mención de edición 14a edición
264 ## - PRODUCCIÓN, PUBLICACIÓN, DISTRIBUCIÓN, FABRICACIÓN Y COPYRIGHT
Producción, publicación, distribución, fabricación y copyright España :
Nombre del de productor, editor, distribuidor, fabricante Pearson Educación,
Fecha de producción, publicación, distribución, fabricación o copyright 2015
300 ## - DESCRIPCIÓN FÍSICA
Extensión xxx, 1099 p.
500 ## - NOTA GENERAL
Nota general Traducción de: Brock biology of microorganismos. \ Incluye referencias bibliográficas e índice.
505 ## - NOTA DE CONTENIDO CON FORMATO
Información miscelánea "UNIDAD 1. Principios de microbiología --<br/>1. Microorganismos y microbiología --<br/>2. Estructura y funciones de las células microbianas --<br/>3. Metabolismo microbiano -- <br/>4. Microbiología molecular --<br/>5. Crecimiento y control microbianos --<br/>UNIDAD 2. Genómica, genética y virología --<br/>6. Genómica microbiana -- <br/>7. Regulación del metabolismo --<br/>8. Virus y virología -- <br/>9. Genomas víricos y diversidad --<br/>10. Genética de Bacteria y Archaea -- <br/>11. Ingeniería genética y biotecnología -- <br/>UNIDAD 3. Diversidad microbiana --<br/>12. Evolución y sistemática microbianas --<br/>13. Diversidad metabólica de los microorganismos --<br/>14. Diversidad funcional en Bacteria --<br/>15. Diversidad en Bacteria -- <br/>16. Diversidad en Archaea --<br/>17. Diversidad de los microorganismos eucariotas --<br/>UNIDAD 4. Ecología microbiana y microbiología ambiental --<br/>18. Métodos de estudio en ecología microbiana -- <br/>19. Ecosistemas microbianos --<br/>20. Ciclos de los nutrientes -- <br/>21. Microbiología del ambiente antropizado --<br/>22. Simbiosis microbianas --<br/>UNIDAD 5. Patogenia e inmunología --<br/>23. Interacciones microbianas con los humanos --<br/>24. Inmunidad y defensa del hospedador --<br/>25. Mecanismos inmunitarios --<br/>26. Inmunología molecular --<br/>27. Microbiología diagnóstica --<br/>UNIDAD 6. Enfermedades infecciosas y su transmisión --<br/>28. Epidemiología --<br/>29. Enfermedades bacterianas y víricas de contagio persona a persona --<br/>30. Enfermedades bacterianas y víricas transmitidas por insectos vectores o de transmisión edáfica --<br/>31. El agua y los alimentos como vehículos de enfermedades bacterianas --<br/>32. Patógenos eucariotas: enfermedades fúngicas y parasitarias".<br/>
520 ## - SUMARIO, ETC.
Sumario, etc. Esta nueva edición de Biología de los Microorganismos está reorganizada con imaginación, guía al estudiante a través de los seis principales temas de la microbiología del siglo XXI. Estos seis temas son Evolución, Estructura y Función celular, Vías metabólicas, Flujo de información y Genética, Sistemas microbianos, e Impacto de los microorganismos. Con un trabajo artístico mejorado y revisado con imágenes y con cerca de 200 fotografías nuevas en color, el libro presenta la microbiología como la ciencia visual que es.
650 ## - PUNTO DE ACCESO ADICIONAL DE MATERIA--TÉRMINO DE MATERIA
Término de materia o nombre geográfico como elemento de entrada 1.Microobiologia
9 (RLIN) 150554
650 #7 - PUNTO DE ACCESO ADICIONAL DE MATERIA--TÉRMINO DE MATERIA
Término de materia o nombre geográfico como elemento de entrada Microorganismos
9 (RLIN) 75519
650 ## - PUNTO DE ACCESO ADICIONAL DE MATERIA--TÉRMINO DE MATERIA
Término de materia o nombre geográfico como elemento de entrada Biología Celular
9 (RLIN) 139482
700 ## - PUNTO DE ACCESO ADICIONAL--NOMBRE DE PERSONA
Nombre de persona Guerrero, Ricardo
9 (RLIN) 139401
Término indicativo de función/relación tr.
942 ## - ELEMENTOS DE PUNTO DE ACCESO ADICIONAL (KOHA)
Tipo de ítem Koha Libro
Fuente del sistema de clasificación o colocación Dewey Decimal Classification
260 ## - PUBLICACIÓN, DISTRIBUCIÓN, ETC.
Lugar de publicación, distribución, etc. España : Person Education
901 ## - ELEMENTOS DE DATOS A LOCAL LDA (RLIN)
a PA 576 M33 2015
902 ## - ELEMENTOS DE DATOS B LOCAL, LDB (RLIN)
a M
905 ## - ELEMENTOS DE DATOS E LOCAL, LDE (RLIN)
a 5232222015 sp a 8000000300spa06
Holdings
Estado de retiro Estado de pérdida Fuente del sistema de clasificación o colocación Estado dañado Restricciones de uso No para préstamo Código de colección Localización permanente Ubicación/localización actual Fecha de adquisición Número de inventario Total de préstamos Signatura topográfica completa Código de barras Fecha visto por última vez Fecha del último préstamo Número de copia Precio válido a partir de Tipo de ítem Koha Nota pública Fuente de adquisición Información codificada de la localización en otra ubicación
    Dewey Decimal Classification   Préstamo 3 días   General Parasitologia Agricola Parasitologia Agricola 01/10/2019 (PA_010751) (No. UACh C/E) 2 PA 576 M33 2015 4102000329 28/08/2025 28/08/2025 Ej.2 02/06/2022 Libro 3    
    Dewey Decimal Classification   Préstamo 3 días   General Parasitologia Agricola Parasitologia Agricola 10/12/2019 (PA_010794) (No. UACh C/E) 3 PA 576 M33 2015 4102000330 18/11/2025 18/11/2025 Ej.3 02/06/2022 Libro 3    
    Dewey Decimal Classification   Préstamo interno   General Parasitologia Agricola Parasitologia Agricola 01/10/2019 (PA_010750) (No. UACh C/E)   PA 576 M33 2015 4102000328 02/06/2022   Ej.1 02/06/2022 Libro 3    
    Dewey Decimal Classification   Préstamo 3 días     Parasitologia Agricola Parasitologia Agricola 03/12/2024 Consumo   PA 576 M33 2015 4102004068 03/12/2024   Ej.4 03/12/2024 Libro   Compra Libro